Cseszte Temetői kápolna

Zobrazenie: Na bielom podklade pohľad na kaplnku pri cintoríne a na obec z diaľky z lúky

Bibliographic Details
Format: Photo
Language:Hungarian
PhysicalDescription:1 pohľadnica (2 čiastkové pohľady) tónovaná do zelena 9 x 14 cm
Published: Cseszte H. A. sz. Sch. [1902?]
Subjects:

MARC

LEADER 00000nkm a2200000 a 4500
001 vtls011861121
003 SK-MaSNL
005 20260301143834.0
007 kf ao
008 230706q1902 xo g 0k|hun
015 |a SNBG1902 
035 |a urn:nbn:sk:snk-km00dtyl 
035 |a urn:nbn:sk:snk-km3lu36 
035 |a E26EDD9D-42AA-4073-BB9A-4928F99C6AD2 
040 |a SNK  |b slo  |c SNK  |e AACR2 
041 0 |a hun 
043 |a e-xo--- 
044 |a xo  |c SK 
072 7 |a 913  |x Regionálna geografia  |2 konspekt 
080 |a 913(437.6)  |2 2011 
080 |a (084.121)  |2 2011 
080 |a 726:27-523.43  |2 2011 
245 0 0 |a Cseszte  |h grafika  |b Temetői kápolna 
260 |a Cseszte  |b H. A. sz. Sch.  |c [1902?] 
300 |a 1 pohľadnica (2 čiastkové pohľady)  |b tónovaná do zelena  |c 9 x 14 cm 
500 |a Názvové údaje prevzaté z obrazovej strany pohľadnice 
520 8 |a Zobrazenie: Na bielom podklade pohľad na kaplnku pri cintoríne a na obec z diaľky z lúky 
650 0 7 |a kaplnky  |2 SNKPH  |9 3026 
651 7 |a Častá (Slovensko)  |2 SNKPHgeo  |9 26752 
655 7 |a miestne pohľadnice  |2 SNKPH  |9 70510 
655 7 |a historické pohľadnice  |2 SNKPH  |9 159703 
752 |a Slovensko  |d Častá 
852 |a Slovenská národná knižnica 
958 |a GBN 
958 |a GC 
958 |a ONDV 
999 |c 775005  |d 776935 
952 |a SNK  |b SNK  |y PREZ  |7 0  |p 17A1223881  |o snkSP 10310  |z Pohľadnica prešla poštou.  |0 0  |1 0  |4 0  |d 2019-04-11  |f 1  |l 0  |r 2026-02-24 00:46:58  |w 2026-02-24